| 000 | 00401nam a2200157 a 4500 | ||
|---|---|---|---|
| 001 | 1180 | ||
| 005 | 20140414131920.0 | ||
| 008 | 041105s19uu xx 00 eng d | ||
| 020 | _a1-55923-097-5 | ||
| 050 |
_aER _bN93 |
||
| 245 |
_aNursery rhymes : _bmy book of. |
||
| 260 |
_aBridlington, U.K. : _bPeter Haddock , _c[n.d.] |
||
| 300 | _a1 v. p. : ill. ; cm. | ||
| 650 | _aRhymes. | ||
| 999 |
_c111724 _d111724 |
||